000 00252nam a2200109Ia 4500
008 200302s9999 xx 000 0 und d
100 _aTadao Ando
245 _aHouses & housing
260 _bNobuyuki Endo Publisher
260 _c2007
300 _a398 P.,
999 _c3039
_d3039